000 00324 a2200133 4500
999 _c299790
_d299790
001 64717
003 NUST
005 20180119102759.0
008 180119b xxu||||| |||| 00| 0 eng d
082 _a516.06 JAS
100 _aJasmer Singh
_99049
245 _aSolid Geometry
_pCAEVol 3
250 _a1
260 _aNew Delhi
_bDominant Pub & Distributors
_c2003
300 _aviii, 610-899p.
942 _aNUST-CAE
_cBK
_k516.06 JAS
_2ddc